[Event "DOM-ch"]
[Site "Santo Domingo"]
[Date "2022.02.19"]
[Round "3"]
[White "Mendez Reyes, David Antonio"]
[Black "Montes De Oca Martinez, Jose Eduardo"]
[Result "1-0"]
[WhiteElo "2056"]
[BlackElo "1865"]
[PlyCount "81"]
[EventDate "2022.02.18"]
[EventType "swiss"]
[EventRounds "11"]
[EventCountry "DOM"]
[SourceTitle "EXT 2023"]
[Source "ChessBase"]
[SourceDate "2022.10.05"]
[SourceVersion "1"]
[SourceVersionDate "2022.10.05"]
[SourceQuality "1"]

1. d4 d6 2. c4 Nf6 3. Nc3 e5 4. d5 Nbd7 5. e4 Nc5 6. Bd3 a5 7. Bc2 Be7 8. Nge2 0-0 9. Ng3 Bd7 10. b3 c6 11. 0-0 cxd5 12. Nxd5 Nxd5 13. Qxd5 Bc6 14. Qd2 g6 15. Rd1 Ne6 16. Ne2 Qc7 17. Ba3 Rfd8 18. Qd3 Rab8 19. Nc3 Nf4 20. Qf1 Qd7 21. Bc1 b5 22. Bxf4 exf4 23. Nxb5 Bxb5 24. cxb5 Qxb5 25. Bd3 Qg5 26. Bc4 f3 27. g3 Bf6 28. Rd5 Qg4 29. Re1 Kg7 30. Qd3 a4 31. bxa4 Rdc8 32. Rb5 d5 33. Qxd5 Rxc4 34. Qxc4 Rc8 35. Qf1 Rc2 36. h3 Qc8 37. Rb3 Bc3 38. Rc1 Bd4 39. Rxc2 Qxc2 40. Rxf3 Qxa2 41. Qd1 1-0

[Event "DOM-ch"]
[Site "Santo Domingo"]
[Date "2019.05.11"]
[Round "10"]
[White "Mendez, Ruddy Antonio"]
[Black "Montes De Oca Martinez, Jose Eduardo"]
[Result "1-0"]
[WhiteElo "2043"]
[BlackElo "1925"]
[PlyCount "71"]
[EventDate "2019.04.26"]
[EventType "swiss"]
[EventRounds "11"]
[EventCountry "DOM"]
[SourceTitle "CBM 190 Extra"]
[Source "ChessBase"]
[SourceDate "2019.07.15"]
[SourceVersion "1"]
[SourceVersionDate "2019.07.15"]
[SourceQuality "1"]

1. d4 d6 2. Nf3 Nf6 3. g3 b6 4. c4 Bb7 5. Bg2 e6 6. 0-0 Be7 7. Nc3 0-0 8. d5 exd5 9. Nd4 Re8 10. Bg5 Nbd7 11. Bxf6 Nxf6 12. cxd5 Bf8 13. Rc1 a6 14. Qc2 Qd7 15. h3 g6 16. e4 Bg7 17. Nce2 Rac8 18. b4 Qe7 19. f3 Nxd5 20. Qd2 Nf6 21. Nc6 Qd7 22. Ned4 d5 23. e5 Nh5 24. g4 Ng3 25. Rfe1 h5 26. Qf4 h4 27. Qg5 Bxc6 28. Nxc6 Re6 29. Nd4 Rxe5 30. Rxe5 f6 31. Rxd5 fxg5 32. Rxd7 Bxd4+ 33. Kh2 Be5 34. f4 Bxf4 35. Rc6 Bd6 36. Rdxd6 1-0